<The> Politics of Urban Development
Salvato in:
| Altri autori: | , |
|---|---|
| Natura: | Libro |
| Lingua: | inglese |
| Pubblicazione: |
Lawrence
University Press of Kansas
1987
|
| Edizione: | 1. ed. |
| Serie: | Studies in Government and Public Policy
|
| Soggetti: | |
| Tags: |
Nessun Tag, puoi essere il primo ad aggiungerne!!
|
MARC
| LEADER | 00000nam a2200000 4500 | ||
|---|---|---|---|
| 001 | c021278 | ||
| 005 | 20221221074722.9 | ||
| 020 | |a 0-7006-0332-8 | ||
| 041 | 0 | |a eng | |
| 044 | |a US | ||
| 245 | 1 | 0 | |a <The> Politics of Urban Development |c Edit. Clarence N. Stone, Heywood T. Sanders |
| 250 | |a 1. ed. | ||
| 264 | 1 | |a Lawrence |b University Press of Kansas |c 1987 | |
| 300 | |a 312 s. | ||
| 490 | 1 | |a Studies in Government and Public Policy | |
| 830 | 0 | |a Studies in Government and Public Policy | |
| 610 | 2 | 0 | |a politika regionálna |
| 610 | 2 | 0 | |a politika verejná |
| 610 | 2 | 0 | |a mestá |
| 610 | 2 | 0 | |a USA |
| 610 | 2 | 0 | |a rozvoj regionálny |
| 610 | 2 | 0 | |a rozvoj územný |
| 700 | 1 | |a Stone, Clarence N. | |
| 700 | 1 | |a Sanders, Heywood T. | |